One Subcategory in 15 Categories - Bible Quiz Stats

 Plays Quiz not verified by Sporcle

Score 0/15 Timer 05:00
11 Plays Today
Question Answer Wrong Answers
ENTERTAINMENT: Who wrote the music for the biblical-themed musical 'Joseph and the Amazing Technicolor Dreamcoat'? Andrew Lloyd Webber
81.6%
Stephen Sondheim
9.6%
Maury Yeston
2.4%
John Kander
2.7%
GEOGRAPHY: According to the general consensus interpretation of the Bible, what was the resting place of Noah'a Ark? Mount Ararat
79.2%
Mount Sinai
13.3%
Mount Ephraim
4.7%
Mount Hor
2.4%
HOLIDAY: Which Christian holiday commemorates the descent of the Holy Spirit upon the Apostles and other followers of Jesus Christ? Pentecost
74.5%
Ash Wednesday
10.5%
Nativity of Mary
1.1%
Holy Saturday
9.9%
MUSIC: Which musical instrument is not mentioned in the Bible? Violin
73%
Flute
4%
Harp
3%
Tambourine
19.3%
MISCELLANEOUS: Between 1917 and 2016, what was the most popular name for girls in the US that is also the name of a book of the Bible? Ruth
64%
Judith
13.9%
Esther
18.2%
Ezra
1.6%
TELEVISION: What television network originally broadcast the 2013 miniseries 'The Bible'? History Channel
62.2%
Fox Broadcasting Company
11.4%
Hallmark Channel
14.4%
Lifetime
10.4%
LANGUAGE: Which is not one of the original biblical languages? Latin
60.3%
Hebrew
4.8%
Aramaic
6.5%
Koine Greek
25.2%
LITERATURE: Which novel is set in the lifetime of Jesus and features him as a character? Ben-Hur
59.7%
Quo Vadis?
15.3%
I, Claudius
10.7%
Spartacus
11.4%
HISTORY: In which century did Johannes Gutenberg print the Gutenberg Bible? 15th century
57.6%
13h century
16.4%
11th century
7%
17th century
16.5%
JUST FOR FUN: Which biblical character is fourth in this sequence?
Enoch, Methuselah, Lamech, ________
Noah
50.9%
Abraham
31.6%
Moses
13.4%
Jesus
2.1%
SCIENCE: Which of these animals is not mentioned in the Bible? Butterfly
46.8%
Bat
29.9%
Spider
15.3%
Frog
4.7%
GAMING: What is the name of a biblically themed video game released by Wisdom Tree for the Nintendo Entertainment System in 1991? Exodus
40.5%
Genesis
47.2%
Leviticus
4.4%
Deuteronomy
4.4%
RELIGION: The person who is mentioned most often in the Bible is Jesus. But who comes in second place? David
32%
Moses
31.3%
Noah
1.4%
Abraham
31.4%
MOVIES: Who directed the 1966 film 'The Bible: In the Beginning...'? John Huston
30.4%
Cecil B. DeMille
42.1%
William Wyler
16%
David Lean
10.1%
SPORTS: Complete this quote from 2 Timothy: 'An athlete is not crowned unless he... ...competes according to the rules.'
28.3%
...finds his faith in God.'
31.1%
...defeats his inner opponent.'
18.7%
...wins the competition.'
21.8%

You're not logged in!

Compare scores with friends on all Sporcle quizzes.
OR
Log In

Show Comments

Extras

Top Quizzes Today


Score Distribution

Your Account Isn't Verified!

In order to create a playlist on Sporcle, you need to verify the email address you used during registration. Go to your Sporcle Settings to finish the process.

Report this User

Report this user for behavior that violates our Community Guidelines.

Details: